| 000 | 01021nam a22003137a 4500 | ||
|---|---|---|---|
| 001 | BR7306948 | ||
| 003 | BR-BrBNA | ||
| 005 | 20230928084126.0 | ||
| 007 | ta | ||
| 008 | 230509b bl.||||| |||| 00| 0 por d | ||
| 040 |
_aBR-BrBNA _bpor _cBiblioteca Nacional de Agricultura |
||
| 041 | _a(Por) | ||
| 072 |
_aF27; F24; L00 _b/G514 |
||
| 090 | _ F27 BR7306948 | ||
| 110 | 1 | _aSuperintendencia do Desenvolvimento do Estado do Ceara, Fortaleza (Brasil). Depto. de Recursos Naturais. Div. de Geografia e Fotointerpretacao | |
| 245 | 1 | _aTipologia agricola no Ceara; micro-regioes (58)Uruburetama e (64)Sertoes de Caninde [Brasil] | |
| 260 | 3 |
_aFortaleza, CE (Brasil): _c1976. |
|
| 300 | _a86 p. | ||
| 500 | _aSummaries (Eng, Por); 45 illus.; 14 ref. | ||
| 650 | _aPECUARIA | ||
| 650 | _aDESENVOLVIMENTO AGRICOLA | ||
| 650 | _aZONEAMENTO AGRICOLA | ||
| 650 | _aURUBURETAMA | ||
| 650 | _aCANINDE | ||
| 650 | _aRECONHECIMENTO DO SOLO | ||
| 650 | _aCEARA | ||
| 909 |
_a202309 _bLucia _c55 _dLucia Elande |
||
| 942 | _cBK | ||
| 999 |
_c17012 _d17012 |
||